000 00856nam a2200241 i 4500
001 bg
100 1 _aJankowski, Michał Tadeusz.
245 1 0 _aSystem operacyjny MS-DOS 6/6.2 dla początkujących i zaawansowanych /
_cMichał T. Jankowski, Andrzej Marciniak.
260 _aPoznań :
_bNakom,
_c1994.
300 _a612 s. :
_brys. ;
_c24 cm +
_eWkładka: "Polecenia systemowe systemu operacyjnego MS-DOS 6/6.2".
490 1 _aBiblioteka Użytkownika Mikrokomputerów,
_x0867-6011 ;
_vT. 18
504 _aBibliogr. s. 603-604.
650 9 _aSystemy operacyjne
700 1 _aMarciniak, Andrzej
_d(1953- ).
830 _aBiblioteka Użytkownika Mikrokomputerów,
_x0867-6011 ;
020 _a8385060626
040 _cBPK
041 0 _apl
080 _a681.322.066
920 _a83-85060-62-6
942 _cKS
008 s pl f |000 0 pol
999 _c6603
_d6603
856 _uhttp://koha.tu.koszalin.pl/cgi-bin/koha/opac-detail.pl?biblionumber=6603
_yKatalog online BPK